000 01253cam a22002774a 4500
999 _c18517
_d18517
001 11923052
003 OSt
005 20161221155422.0
008 000225s2001 enkaf b 001 0deng
010 _a 00027756
020 _a0521771366 (hb)
040 _aDLC
_cDLC
_dDLC
042 _apcc
050 0 0 _aND813
_b.G56 2000
100 1 _aCiofalo, John J.,
_d1957-
245 1 4 _aThe self-portraits of Francisco Goya /
_cJohn J. Ciofalo.
260 _aCambridge ;
_aNew York :
_bCambridge University Press,
_c2001.
300 _axiii, 240 p., [8] p. of plates :
_bill. (some col.) ;
_c27 cm.
504 _aIncludes bibliographical references (p. 185-226) and index.
600 1 0 _aGoya, Francisco,
_d1746-1828
_vSelf-portraits.
856 4 2 _3Publisher description
_uhttp://www.loc.gov/catdir/description/cam021/00027756.html
856 4 1 _3Table of contents
_uhttp://www.loc.gov/catdir/toc/cam024/00027756.html
942 _2lcc
_cBOOKS
_hND 813 .G56 2000